Bozk malomocnému (Record no. 20908)
[ view plain ]
| 000 -LEADER | |
|---|---|
| fixed length control field | 02370cam a2200589 a 4500 |
| 001 - CONTROL NUMBER | |
| control field | 20908 |
| 003 - CONTROL NUMBER IDENTIFIER | |
| control field | VRT |
| 005 - DATE AND TIME OF LATEST TRANSACTION | |
| control field | 20260206152806.0 |
| 008 - FIXED-LENGTH DATA ELEMENTS--GENERAL INFORMATION | |
| fixed length control field | 240314s1969 xo 0000f slo |
| 015 ## - NATIONAL BIBLIOGRAPHY NUMBER | |
| National bibliography number | SNBA1969/09-01955 |
| 035 ## - SYSTEM CONTROL NUMBER | |
| System control number | SNK000235433 |
| 039 #9 - LEVEL OF BIBLIOGRAPHIC CONTROL AND CODING DETAIL [OBSOLETE] | |
| Level of rules in bibliographic description | 202403141440 |
| Level of effort used to assign nonsubject heading access points | VLOAD |
| Level of effort used to assign subject headings | 202310241917 |
| Level of effort used to assign classification | AUTHORITY |
| Level of effort used to assign subject headings | 202109282026 |
| Level of effort used to assign classification | VLOAD |
| Level of effort used to assign subject headings | 202109162300 |
| Level of effort used to assign classification | VLOAD |
| 040 ## - CATALOGING SOURCE | |
| Original cataloging agency | SNK |
| Language of cataloging | slo |
| Transcribing agency | SNK |
| Description conventions | AACR2 |
| 041 1# - LANGUAGE CODE | |
| Language code of text/sound track or separate title | slo |
| Language code of original | fre |
| 044 ## - COUNTRY OF PUBLISHING/PRODUCING ENTITY CODE | |
| MARC country code | xo |
| ISO country code | SK |
| 080 ## - UNIVERSAL DECIMAL CLASSIFICATION NUMBER | |
| Universal Decimal Classification number | 821.133.1-31 |
| Edition identifier | 2011 |
| 100 1# - MAIN ENTRY--PERSONAL NAME | |
| Personal name | Mauriac, François, |
| Dates associated with a name | 1885-1970 |
| Relationship | aut |
| 245 10 - TITLE STATEMENT | |
| Title | Bozk malomocnému |
| Statement of responsibility, etc. | François Mauriac; [zostavil a doslov napísal Jozef Felix ; z francúzskych originálov ... preložili Ružena Jamrichová, Jozef Felix a Vladimír Dudáš] |
| 250 ## - EDITION STATEMENT | |
| Edition statement | 1. vyd. |
| 260 ## - PUBLICATION, DISTRIBUTION, ETC. | |
| Place of publication, distribution, etc. | Bratislava |
| Name of publisher, distributor, etc. | Slovenský spisovateľ |
| Date of publication, distribution, etc. | 1969 |
| 300 ## - PHYSICAL DESCRIPTION | |
| Extent | 329 s. |
| Dimensions | 21 cm |
| 366 ## - TRADE AVAILABILITY INFORMATION | |
| Note | 20 000 výt. |
| 490 1# - SERIES STATEMENT | |
| Series statement | Knižnica Nobelových cien |
| 500 ## - GENERAL NOTE | |
| General note | Obsahuje 4 diela |
| 500 ## - GENERAL NOTE | |
| General note | Viazaná |
| 655 07 - INDEX TERM--GENRE/FORM | |
| Genre/form data or focus term | francúzske romány |
| Source of term | SNKPH |
| 700 1# - ADDED ENTRY--PERSONAL NAME | |
| Personal name | Jamrichová, Ružena, |
| Dates associated with a name | 1918-2009 |
| Relationship | trl |
| 700 1# - ADDED ENTRY--PERSONAL NAME | |
| Personal name | Felix, Jozef, |
| Dates associated with a name | 1913-1977 |
| Relationship | trl |
| -- | com |
| -- | aft |
| 700 1# - ADDED ENTRY--PERSONAL NAME | |
| Personal name | Dudáš, Vladimír, |
| Dates associated with a name | 1935-2011 |
| Relationship | trl |
| 700 12 - ADDED ENTRY--PERSONAL NAME | |
| Personal name | Mauriac, François, |
| Dates associated with a name | 1885-1970 |
| Personal name | Thérèse Desqueyroux |
| Language of a work | Slovensky |
| 700 12 - ADDED ENTRY--PERSONAL NAME | |
| Personal name | Mauriac, François, |
| Dates associated with a name | 1885-1970 |
| Personal name | Destins |
| Language of a work | Slovensky |
| 700 12 - ADDED ENTRY--PERSONAL NAME | |
| Personal name | Mauriac, François, |
| Dates associated with a name | 1885-1970 |
| Title of a work | Bozk malomocnému |
| 700 12 - ADDED ENTRY--PERSONAL NAME | |
| Personal name | Mauriac, François, |
| Dates associated with a name | 1885-1970 |
| Personal name | Genitrix |
| Language of a work | Slovensky |
| 740 02 - ADDED ENTRY--UNCONTROLLED RELATED/ANALYTICAL TITLE | |
| Uncontrolled related/analytical title | Thérése Desqueyrouxová |
| 740 02 - ADDED ENTRY--UNCONTROLLED RELATED/ANALYTICAL TITLE | |
| Uncontrolled related/analytical title | Osudy |
| 740 02 - ADDED ENTRY--UNCONTROLLED RELATED/ANALYTICAL TITLE | |
| Uncontrolled related/analytical title | Genitrix |
| 830 #0 - SERIES ADDED ENTRY--UNIFORM TITLE | |
| Uniform title | Knižnica Nobelových cien |
| 942 ## - ADDED ENTRY ELEMENTS (KOHA) | |
| Source of classification or shelving scheme | Dewey Decimal Classification |
| Koha item type | Krásna literatúra pre dospelých |
| Suppress in OPAC | No |
| 949 ## - LOCAL PROCESSING INFORMATION (OCLC) | |
| 6 | 17A0061403 |
| 9 | P60, <04>, [BOOK], {604} |
| a | snkSD 36042 D1 |
| 949 ## - LOCAL PROCESSING INFORMATION (OCLC) | |
| 6 | 273K0360601 |
| a | svkpoA 74729 |
| b | svkpo169341 |
| 949 ## - LOCAL PROCESSING INFORMATION (OCLC) | |
| 6 | 3830001085642 |
| a | kurukT7/MAUR1-2 |
| b | kuruk2014/F991 |
| o | D2014/prof. Volek, Lujza Voleková |
| 949 ## - LOCAL PROCESSING INFORMATION (OCLC) | |
| 6 | 3830001004744 |
| a | kurukT7/MAUR1-2 |
| 949 ## - LOCAL PROCESSING INFORMATION (OCLC) | |
| 6 | 3830001004745 |
| a | kurukT7/MAUR1-2 |
| 949 ## - LOCAL PROCESSING INFORMATION (OCLC) | |
| 6 | 4710702479 |
| a | strmkB |
| b | strmk2008/2479 |
| 949 ## - LOCAL PROCESSING INFORMATION (OCLC) | |
| 6 | 17A0884457 |
| a | snkSD 36042 |
| 949 ## - LOCAL PROCESSING INFORMATION (OCLC) | |
| 6 | 369701000006949 |
| a | aubbO 4376 |
| b | aubbO4376 |
| p | Darca: Stračina, Svetozár |
| 949 ## - LOCAL PROCESSING INFORMATION (OCLC) | |
| 6 | 2889025649 |
| a | savukM 35302 |
| 949 ## - LOCAL PROCESSING INFORMATION (OCLC) | |
| 6 | 270001000588635 |
| a | svkbbS 31534 |
| b | svkbbm 203837 |
| 949 ## - LOCAL PROCESSING INFORMATION (OCLC) | |
| 6 | 270001000588636 |
| a | svkbbS 31535 |
| b | svkbbm 204240 |
| Stav vyradenia | Strata | Poškodenie | Spôsob nadobudnutia | Domovská knižnica | Aktuálna knižnica | Dátum nadobudnutia | Total checkouts | Čiarový kód exemplára | Date last seen | Typ exemplára |
|---|---|---|---|---|---|---|---|---|---|---|
| Dar | Obecná knižnica Horná Štubňa | Obecná knižnica Horná Štubňa | 06.02.2026 | 4736201065 | 06.02.2026 | Krásna literatúra pre dospelých |
